| 000 | 00674nam a2200193 a 4500 | ||
|---|---|---|---|
| 001 | 000596838 | ||
| 003 | AM-YEHGA | ||
| 005 | 20251223111948.0 | ||
| 008 | 080901s1922 gw c r 000 0brus|d | ||
| 040 |
_aAM-YEHGA _cAM-YEHGA |
||
| 041 | 0 | _arus | |
| 100 | 1 |
_aЖебелев, Сергей Александрович _95474 |
|
| 245 | 1 | 0 |
_aДемосфен / _cС.А. Жебелев. |
| 260 |
_aБерлин ; _aПетербург ; _aМосква : _bИзд-во З.И. Гржебина, _c1922. |
||
| 300 |
_a171 с. : _bпортр. |
||
| 600 | 0 | 4 | _aДемосфен |
| 650 | 1 | 4 | _aГосударственные деятели Древней Греции |
| 942 |
_2udc _cBK |
||
| 999 |
_c245309 _d245309 |
||